000 01765cam a22004814i 4500
003 PE-LiUPU
005 20250731173545.0
008 150616s1981 xxu rb 000 0 eng d
020 _a0385005156
035 _a(Sirsi) i9780385005159
040 _aPE-LiUPU
_bspa
_cPE-LiUPU
_erda
049 _aPRUA
082 0 4 _a220.7
_bAB
_221
100 1 _aFitzmyer, Joseph A.,
_eautor.
245 1 4 _aThe Gospel According to Luke I-IX.
_n28 /
_cJoseph A. Fitzmyer.
264 1 _aNew York :
_bDoubleday,
_c1981.
300 _a837 páginas ;
_c24 centímetros
336 _atext
_2rdacontent
337 _aunmediated
_2rdamedia
338 _avolume
_2rdacarrier
490 1 _aThe Anchor Bible ;
_v28
504 _aIncluye bibliografía al final de cada capítulo.
505 0 _aIntroduction -- Translation and commentary -- The infancy narrative -- The preparation for the public ministry of Jesus -- The galilean ministry of Jesus -- The Journey to Jerusalem.
526 _aSEG42
526 _aSEG41
526 _aSEG40
526 _aSEG39
526 _aP94
526 _aP87
526 _aP86
526 _aP85
526 _aP77
526 _aP76
526 _aP35
630 _aBiblia.
_pN.T.
_pLucas
_xComentarios.
910 _ajck
_bjvq
_cjck
942 _2ddc
_cBOOK
949 _a220.7 AB 28
_wDEWEY
_c1
_i42757
_d2016-11-2
_e2016-10-31
_lCCODEBUL1
_mBUL
_n1
_r0
_sY
_tBOOK
_u2015-6-16
_xTEOLOGIA
_zUNKNOWN
_0COMPRA
_o.STAFF. Colección Teología
994 _aC0
_bPEPRU
596 _a1
999 _a220.7 AB 28
_wDEWEY
_c60721
_i42757
_d60721
_e2016-10-31
_f2021-11-9
_g5
_lCCODEBUL1
_mBUL
_n1
_p30.00
_q3
_r0
_sY
_tBOOK
_u2015-6-16
_xTEOLOGIA
_PP35
_0COMPRA
_o.STAFF. Colección Teología
980 _81
_gALBERTO SANCHEZ Responsable de Automatización